000 00902cam a22002531i 4500
003 SA-RiAUC
005 20241009064530.0
008 241008s1956 ua f 00100 ara c
040 _aSD-KhNU
_bara
_cSA-RiAUC
_erda
050 4 _b.N37 1956
082 0 4 _a413.02
_qSA-RiAUC
090 _a413.02
_bن ص ا
100 1 _aنصار، حسين محمد،
_d1925-2017
_eمؤلف.
245 1 2 _aالمعجم العربي :
_bنشأته وتطوره /
_cحسين نصار.
264 1 _aالقاهرة :
_bدار الكتاب العربي،
_c1956
300 _a2 مجلد ؛
_c24 سم
336 _aنص
_btxt
_2rdacontent
_3كتاب
337 _aبدون وسيط
_bn
_2rdamedia
338 _aمجلد
_bnc
_2rdacarrier
500 _aيشتمل على كشاف.
650 7 _aالمعاجم العربية
_xتاريخ
_2aucsh
942 _2ddc
_cBOOK
_n0
949 _aSA-JeALM
_d241008
_umohamedma123
_n1
999 _c1043
_d1043